| 000 | 00484nam a2200181Ia 4500 | ||
|---|---|---|---|
| 003 | OSt | ||
| 005 | 20260106141035.0 | ||
| 008 | 210210b1957 xxu||||| |||| 00| 0 eng d | ||
| 040 | _cAL | ||
| 041 | _aKannada | ||
| 082 | _a859/1530 | ||
| 100 |
_aRAMAMURTI (M) _9155818 _d ರಾಮಮೂರ್ತಿ ಎಂ. |
||
| 245 |
_aMadhura samsara: _bಮಧುರ ಸಂಸಾರ |
||
| 260 |
_aBengaluru _b- _c1957 |
||
| 690 |
_aKannada Fiction _9155819 |
||
| 906 | _a022259 | ||
| 942 |
_2ddc _cBK |
||
| 999 |
_c146402 _d146402 |
||